Οδηγός ξένων επενδύσεων στην ανατολική Ασία
Αποθηκεύτηκε σε:
| Κύριος συγγραφέας: | |
|---|---|
| Μορφή: | Βιβλίο |
| Γλώσσα: | Greek |
| Δημοσίευση: |
Θεσσαλονίκη :
[χ.ό.],
2001
|
| Θέματα: | |
| Ετικέτες: |
Προσθήκη ετικέτας
Δεν υπάρχουν, Καταχωρήστε ετικέτα πρώτοι!
|
MARC
| LEADER | 00000cam a2200000 i 4500 | ||
|---|---|---|---|
| 001 | 1/57939 | ||
| 008 | 020201s2001 gre d | ||
| 020 | |a 960-431-721-0 | ||
| 035 | |l 10000244 | ||
| 040 | |a GR-MY-UA |b gre |e aacr | ||
| 041 | 0 | |a gre | |
| 082 | 0 | |a 332.6730959 | |
| 100 | 1 | |a Χαζάκης, Κωνσταντίνος Ι., |d 1971- | |
| 245 | 1 | 0 | |a Οδηγός ξένων επενδύσεων στην ανατολική Ασία / |c Κωνσταντίνος Ι. Χαζάκης |
| 260 | |a Θεσσαλονίκη : |b [χ.ό.], |c 2001 | ||
| 300 | |a 248 σ. | ||
| 504 | |a Περιέχει βιβλιογραφία και ευρετήριο | ||
| 650 | 0 | 0 | |a Investments, Foreign |z Asia, Southeastern. |
| 852 | |a INST |b CHIOS |e 20020201 |h 332.6730959 ΧΑΖ |p 005200020027 |q 005200020027 |t BK |y 0 | ||
| 901 | |a BIBL2-2002-1 | ||
| 909 | |a Χ |b 099703 | ||
| 970 | |a ΣΠΕΝΤΖΑ |b ΕΛΕΝΗ |z 2002/02/01 | ||